000 00733nam a2200289Ia 4500
005 20260324120510.0
008 008 260324s9999 xx 000 0 eng d
020 _a9781315738680
037 _aEBOOK
040 _aCRL
040 _beng
040 _cCRL
041 _2eng
041 _aeng
084 _qCRL
100 _aTorill Elvira Mortensen; Jonas Linderoth; Ashley ML Brown
_91158816
245 4 _aThe Dark Side of Game Play
245 0 _bControversial Issues in Playful Environments
260 _bTaylor and Francis
260 _c2015
365 _a
365 _b255
856 _uhttp://www.taylorfrancis.com/books/9781315738680
942 _cEBOOK
999 _c1750382
_d1750382